Państwa według 3 znanych miast #2 - Statystyki

Ogólne statystyki
  • Ten quiz został rozwiązany 23 razy
  • Średni wynik to 8 z 15
Statystyki odpowiedzi
3 miasta Państwo % Poprawnych
Osaka, Hiroszima, Tokio Japonia
100%
Nairobi, Mombasa, Kisumu Kenia
95%
Prisztina, Prizren, Djakowica Kosowo
86%
Kolombo, Sri Dżajawardanapura Kotte, Kandy Sri Lanka
86%
Punta Arenas, Santiago, Antofagasta Chile
77%
Addu, Malé, Eydhafushi Malediwy
55%
Chaguanas, Scarborough, Port of Spain Trynidad i Tobago
45%
Managua, León, Bilwi Nikaragua
41%
Pekan Tutong, Bangar, Bandar Seri Begawan Brunei
32%
Port-Gentil, Tchibanga, Libreville Gabon
32%
Chodżent, Duszanbe, Kurgonteppa Tadżykistan
32%
Les Escaldes, ___, El Pas de la Casa Andora
27%
Francistown, Gaborone, Maun Botswana
27%
Mafeteng, Teyateyaeng, Maseru Lesotho
23%
Praia, Sal Rei, Santa Maria Republika Zielonego Przylądka
18%
Nie znaleziono quizów pasujących do podanych kryteriów
Rozkład punktacji
Procent ludzi z każdym wynikiem
Percentyl według liczby udzielonych odpowiedzi
Twoja historia wyników
Nie rozwiązałeś tego quizu